Štrukturálne zmeny produktu kúpeľných podnikov: prípadová štúdia Dolného Sliezska

Produkt kúpeľného podniku. Identifikácia zmien v štruktúre produktov ponúkaných kúpeľnými podnikmi v Dolnozemskom vojvodstve (Poľsko).

Na minha lista:
Detalhes bibliográficos
Autor principal: Rapacz, Andrzej
Outros Autores: Januszewska, Malgorzata
Formato: Capítulo de Livro
Idioma:eslovaco
Assuntos:
Tags: Adicionar Tag
Sem tags, seja o primeiro a adicionar uma tag!

MARC

LEADER 00000naa a2200000 4500
001 0247678
005 20221104111345.6
041 0 |a slo 
044 |a SK 
245 1 0 |a Štrukturálne zmeny produktu kúpeľných podnikov: prípadová štúdia Dolného Sliezska  |c Andrzej Rapacz, Malgorzata Januszewska 
520 |a Produkt kúpeľného podniku. Identifikácia zmien v štruktúre produktov ponúkaných kúpeľnými podnikmi v Dolnozemskom vojvodstve (Poľsko). 
610 2 0 |a podnik 
610 2 0 |a kúpele 
610 2 0 |a ruch cestovný 
610 2 0 |a Poľsko 
610 2 0 |a služby 
610 2 0 |a turistika 
610 2 0 |a ruch cestovný kúpeľný 
100 1 |a Rapacz, Andrzej 
700 1 |a Januszewska, Malgorzata